Responses for Show #2471 - Monday, May 8, 1995

1995 College Championship semifinal game 1.

Contestants

[<< previous game]

Neal Vermillion, a senior from Illinois Wesleyan University

Rebekah Reeves, a freshman from Texas A&M University

Tamir Waser, a senior from the University of Virginia

[next game >>]

Jeopardy! Round responses

MAMMALS
HOLIDAYS & OBSERVANCES
VIDEO GAMES
U.S.A.
GUINNESS RECORDS
FIRST LADIES
    $100 16
(Rebekah: What are marsupials?)

the rodent family

Rebekah
Triple Stumper
    $100 1
Mexico

Rebekah
    $100 26
Nintendo

Tamir
    $100 11
Hawaii

Neal
    $100 21
snow

Neal
    $100 2
Yale

Tamir
    $200 17
(Tamir: What is 3?)
(Neal: What is 2?)

4

TamirNeal
Triple Stumper
    $200 3
John the Baptist

Rebekah
    $200 27
Jeopardy! & Wheel of Fortune

Tamir
    $200 12
North Carolina

Tamir
    $200 22
Saddam Hussein

Neal
    $200 7
Abigail

Rebekah
    $300 18
a Bactrian

Tamir
    $300 4
Marcos

Neal
    $300 28
Sherlock Holmes

Tamir
    $300 13
(Rebekah: What is New York?)
(Tamir: What is Massachusetts?)

New Jersey

TamirRebekah
Triple Stumper
    $300 23
the Swiss Guard

Tamir
    $300 8
Jackie Kennedy

Neal
    $400 19
a gazelle

Tamir
    $400 5
the Virgin Island

Rebekah
    $400 29
shareware

Tamir
    $400 14
Oklahoma

Rebekah
    $400 24
the America's Cup

Neal
    $400 9
Rosalynn Carter

Neal
    $500 20
a flying lemur

Tamir
    $500 6
Thailand

Triple Stumper
    $500 30
(Alex: You did well in that VIDEO GAMES category.)
[Applause for Tamir running the category.]

Star Wars

Tamir
    $500 15
Massachusetts

Rebekah
    $500 25
(Rebekah: What is Argentina?)

Brazil

RebekahNeal
    $500 10
(Rebakah: Who is Margaret Truman?)
(Alex: Yes. No, sorry!)

Bess Truman

TamirRebekah

Scores at the first commercial break (after clue 15):

Tamir Rebekah Neal
$500 $1,000 $1,100

Scores at the end of the Jeopardy! Round:

Tamir Rebekah Neal
$3,300 $400 $2,100

Double Jeopardy! Round responses

WORLD CITIES
MUSICAL INSTRUMENTS
ROCKS & MINERALS
HISTORIC NAMES
ART
SHAKESPEARE
    $200 6
Algiers

Tamir
    $200 26
the harmonica

Rebekah
    $200 21
copper

Rebekah
    $200 12
Balboa

Rebekah
    $200 1
(Neal: What is Expressionism?)

Impressionism

RebekahNeal
    $200 11
praise him

Neal
    $400 7
Sudan

Rebekah
    $400 27
(Alex: We have less than a minute to go.)

the piccolo

Neal
    $400 22
(Rebekah: What is granite?)

marble

TamirRebekah
    $400 13
Cleopatra

Rebekah
    $400 2
Dali

Rebekah
    $400 17
Othello

Rebekah
    $600 8
(Rebekah: What is Quebec?)

Montreal

RebekahNeal
    $600 28
a clarinet

Neal
    $600 23
(Neal: What is coal?)

graphite

Neal
Triple Stumper
    $1,400 14
Alexander the Great

Rebekah
    $600 3
Picasso

Rebekah
    $1,300 18
Juliet

Rebekah
    $800 9
(Tamir: What is Luxembourg?)
(Neal: What is Andorra?)

Liechtenstein

TamirRebekahNeal
    $800 29
(Neal: What is the organ?)
(Tamir: What's a harpsichord?)

the harp

TamirNeal
Triple Stumper
    $800 24
quartz

Tamir
    $800 15
Hirohito

Rebekah
    $800 4
the Pre-Raphaelites

Rebekah
    $800 19
King Lear

Tamir
    $1000 10
La Paz

Tamir
    $1000 30
bagpipes

Triple Stumper
    $1000 25
basalt

Triple Stumper
    $1000 16
Magellan

Tamir
    $1000 5
Georgia O'Keeffe

Triple Stumper
    $1000 20
Kate

Rebekah

Scores at the end of the Double Jeopardy! Round:

Tamir Rebekah Neal
$5,900 $8,500 $1,500

[wagering suggestions for these scores]

Final Jeopardy! Round responses

WORLD LITERATURE
(Alex: By Machiavelli.)
NealWhat is The Prince
$1,500
TamirWhat is Dante's Inferno?
$5,000
RebekahWhat is the ?
$3,400
The Prince

Final scores:

Tamir Rebekah Neal
$900 $5,100 $3,000
3rd place: $5,000 Finalist 2nd place: $5,000

Game dynamics:

Coryat scores:

Tamir Rebekah Neal
$5,900 $7,000 $1,500
18 R,
4 W
21 R
(including 3 DDs),
6 W
12 R,
5 W

Combined Coryat: $14,400

[game clues] [game scores] [suggest correction]

Game tape date: 1995-04-02
The J! Archive is created by fans, for fans. Scraping, republication, monetization, and malicious use prohibited; this site may use cookies and collect identifying information. See terms. The Jeopardy! game show and all elements thereof, including but not limited to copyright and trademark thereto, are the property of Jeopardy Productions, Inc. and are protected under law. This website is not affiliated with, sponsored by, or operated by Jeopardy Productions, Inc. Join the discussion at JBoard.tv.